[Event "Vesterhavsturneringen 2004"]
[Site "Esbjerg"]
[Date "2004.07.08"]
[Round "7"]
[White "Clausen, Borge"]
[Black "Konstantinov, Maxim"]
[Result "0-1"]
[WhiteElo "1400"]
[BlackElo "1519"]
[PlyCount "64"]
[EventDate "2004.??.??"]
[EventType "swiss"]
[EventRounds "9"]
[EventCountry "DEN"]

1. e4 c5 2. Nf3 d6 3. d4 cxd4 4. Nxd4 Nc6 5. Be3 Nf6 6. f3 e5 7. Nb3 Be6 8. c4
Rc8 9. Nc3 Ne7 10. Nd5 Nexd5 11. cxd5 Bd7 12. Be2 Be7 13. O-O O-O 14. Qd2 a6
15. Rfc1 Ne8 16. Rxc8 Qxc8 17. Bb6 f5 18. Rc1 Qb8 19. Qe3 h6 20. Nd2 Bg5 21.
Qd3 fxe4 22. fxe4 Bb5 23. Qh3 Nf6 24. Bxb5 axb5 25. Be3 Ng4 26. Re1 Nxe3 27.
Rxe3 Qa7 28. Nf1 Bxe3+ 29. Nxe3 Qxa2 30. Qe6+ Kh8 31. Nf5 Qb1+ 32. Kf2 Qxe4 0-1

[Event "Vesterhavsturneringen 2004"]
[Site "Esbjerg"]
[Date "2004.07.08"]
[Round "7"]
[White "Damm, Kasper Wilken"]
[Black "Leimand, Peter Martin"]
[Result "0-1"]
[WhiteElo "2241"]
[BlackElo "2074"]
[PlyCount "80"]
[EventDate "2004.??.??"]
[EventType "swiss"]
[EventRounds "9"]
[EventCountry "DEN"]

1. e4 e6 2. d4 d5 3. Nd2 Nf6 4. e5 Nfd7 5. Bd3 c5 6. c3 Nc6 7. Ne2 Be7 8. O-O
cxd4 9. cxd4 O-O 10. Nb3 a5 11. Be3 a4 12. Nd2 a3 13. bxa3 Bxa3 14. Nb3 Nb4 15.
Bb1 Nb6 16. Bd2 Nc4 17. Bc3 b6 18. f4 Ne3 19. Bxh7+ Kxh7 20. Qb1+ Nbc2 21. Rf3
g6 22. Be1 Kg7 23. Nbc1 Qc7 24. Bf2 Nxa1 25. Rxe3 Qc2 26. Qxc2 Nxc2 27. Rc3 Nb4
28. Bh4 f5 29. exf6+ Rxf6 30. Bxf6+ Kxf6 31. g4 Bd7 32. Rc7 Ke7 33. Nb3 Nxa2
34. Kf2 Bd6 35. Rb7 Nb4 36. Rxb6 Rb8 37. Rxb8 Bxb8 38. Ke3 Bb5 39. Nbc1 Ba7 40.
h4 Nc2+ 0-1

[Event "Vesterhavsturneringen 2004"]
[Site "Esbjerg"]
[Date "2004.07.08"]
[Round "7"]
[White "Ditlevsen, Birgit"]
[Black "Pedersen, Jan"]
[Result "0-1"]
[WhiteElo "1229"]
[BlackElo "2393"]
[PlyCount "96"]
[EventDate "2004.??.??"]
[EventType "swiss"]
[EventRounds "9"]
[EventCountry "DEN"]

1. e4 Nf6 2. Nc3 d5 3. e5 Nfd7 4. d4 e6 5. Nf3 c5 6. Bb5 Nc6 7. Be3 Qc7 8. Bxc6
bxc6 9. Ne2 Rb8 10. b3 Ba6 11. c3 Be7 12. O-O O-O 13. Qd2 cxd4 14. cxd4 f6 15.
Rfc1 fxe5 16. Nxe5 Nxe5 17. dxe5 Bxe2 18. Qxe2 Qxe5 19. Qd1 Qc7 20. Qg4 Rf5 21.
g3 Rb4 22. Qh3 g6 23. Rd1 e5 24. Rac1 d4 25. g4 Rf7 26. Bd2 Rb8 27. Qd3 Qd7 28.
Qc4 c5 29. h3 Bd6 30. Qd5 Re8 31. Qe4 Qe6 32. Rf1 Kg7 33. Kg2 Qd7 34. f3 Qb7
35. Qxb7 Rxb7 36. Rf2 Kf7 37. Kf1 Ke6 38. Ke2 Kd5 39. Kd3 Rf8 40. Rcf1 Rb6 41.
Bc1 a5 42. Bd2 a4 43. bxa4 c4+ 44. Kc2 d3+ 45. Kd1 Rb1+ 46. Bc1 c3 47. Rb2 cxb2
48. Kd2 Bb4+ 0-1

[Event "Vesterhavsturneringen 2004"]
[Site "Esbjerg"]
[Date "2004.07.08"]
[Round "7"]
[White "Dorup, Ivar"]
[Black "Sandbech, Ted"]
[Result "0-1"]
[WhiteElo "1690"]
[BlackElo "1613"]
[PlyCount "62"]
[EventDate "2004.??.??"]
[EventType "swiss"]
[EventRounds "9"]
[EventCountry "DEN"]

1. d4 d5 2. Nf3 c5 3. c3 e6 4. Bf4 Nf6 5. Nbd2 Nc6 6. Qc2 cxd4 7. cxd4 Bb4 8.
a3 Qa5 9. Rd1 Be7 10. e3 O-O 11. Bd3 g6 12. O-O Nh5 13. Bh6 Re8 14. Rc1 Bd7 15.
Nb3 Qd8 16. Nc5 Bxc5 17. dxc5 e5 18. e4 Bg4 19. Ng5 Nd4 20. Qc3 Nf4 21. Nxf7
Nfe2+ 22. Kh1 Kxf7 23. Qb4 Nxc1 24. Rxc1 Be6 25. f4 dxe4 26. Bxe4 Bd5 27. Bb1
Qd7 28. fxe5 Qg4 29. e6+ Rxe6 30. Rf1+ Kg8 31. Qd2 Re2 0-1

[Event "Vesterhavsturneringen 2004"]
[Site "Esbjerg"]
[Date "2004.07.08"]
[Round "7"]
[White "Fedorchuk, Sergey"]
[Black "Sedlak, Nikola"]
[Result "0-1"]
[WhiteElo "2569"]
[BlackElo "2519"]
[PlyCount "106"]
[EventDate "2004.??.??"]
[EventType "swiss"]
[EventRounds "9"]
[EventCountry "DEN"]

1. e4 c5 2. Nf3 d6 3. d4 cxd4 4. Nxd4 Nf6 5. Nc3 Bd7 6. f4 Nc6 7. Nf3 g6 8. Bd3
Bg7 9. O-O Bg4 10. Qe1 Bxf3 11. Rxf3 Nd4 12. Rf1 Nd7 13. Qf2 O-O 14. Be3 Nc6
15. Kh1 Qa5 16. Bd2 Qb6 17. Qh4 Qxb2 18. Rab1 Qa3 19. e5 dxe5 20. f5 Nf6 21.
Rf3 Rfd8 22. fxg6 hxg6 23. Rh3 Rd4 24. Ne4 Qxa2 25. Rf1 Rxe4 26. Bxe4 Qc4 27.
Bd3 Qxh4 28. Rxh4 Rd8 29. Bg5 Nd5 30. Bc4 Bf6 31. Bxd5 Rxd5 32. Bxf6 exf6 33.
Rh3 f5 34. Rd3 Rc5 35. Rd7 b5 36. Rb7 a5 37. Rd1 Nd4 38. Rd2 b4 39. Kg1 Kg7 40.
h4 f4 41. Kh2 Kf6 42. Ra7 Ke6 43. Rf2 Nxc2 44. g3 Ne3 45. Kh3 Nd5 46. Ra6+ Ke7
47. Re2 Nc3 48. Rd2 fxg3 49. Kg4 Rc4+ 50. Kf3 a4 51. Ra7+ Kf8 52. Rdd7 Rf4+ 53.
Kxg3 a3 0-1

[Event "Vesterhavsturneringen 2004"]
[Site "Esbjerg"]
[Date "2004.07.08"]
[Round "7"]
[White "Fredgaard, Jonathan"]
[Black "Rosenberg, Jan"]
[Result "0-1"]
[WhiteElo "1563"]
[BlackElo "1786"]
[PlyCount "50"]
[EventDate "2004.??.??"]
[EventType "swiss"]
[EventRounds "9"]
[EventCountry "DEN"]

1. e4 d5 2. exd5 Nf6 3. d4 Qxd5 4. c4 Qd8 5. Nc3 g6 6. Nf3 Bg7 7. Bf4 c6 8. Qc2
Bf5 9. Bd3 Bxd3 10. Qxd3 O-O 11. Rd1 Qa5 12. O-O Rd8 13. Rfe1 e6 14. Qc2 Nbd7
15. Bg5 h6 16. Bh4 Re8 17. b3 Bf8 18. Ne4 Nxe4 19. Rxe4 g5 20. Ne5 Nf6 21. Ng4
Nxe4 22. Qxe4 f5 23. Nf6+ Kf7 24. Qe5 Qxe5 25. dxe5 Red8 0-1

[Event "Vesterhavsturneringen 2004"]
[Site "Esbjerg"]
[Date "2004.07.08"]
[Round "7"]
[White "Fyhn, Karsten"]
[Black "Kristensen, Jens"]
[Result "1-0"]
[WhiteElo "1796"]
[BlackElo "1689"]
[PlyCount "37"]
[EventDate "2004.??.??"]
[EventType "swiss"]
[EventRounds "9"]
[EventCountry "DEN"]

1. d4 c5 2. Nf3 cxd4 3. Nxd4 Nc6 4. Nc3 g6 5. e4 Bg7 6. Be3 d6 7. Bc4 Nf6 8. f3
O-O 9. Qd2 Bd7 10. g4 Rc8 11. Bb3 Ne5 12. O-O-O a6 13. h4 b5 14. Bh6 Nc4 15.
Bxc4 Rxc4 16. Bxg7 Kxg7 17. h5 e5 18. Nde2 Ne8 19. hxg6 1-0

[Event "Vesterhavsturneringen 2004"]
[Site "Esbjerg"]
[Date "2004.07.08"]
[Round "7"]
[White "Hamann, Brian"]
[Black "Jacobsen, Per"]
[Result "1-0"]
[WhiteElo "1667"]
[BlackElo "1570"]
[PlyCount "67"]
[EventDate "2004.??.??"]
[EventType "swiss"]
[EventRounds "9"]
[EventCountry "DEN"]

1. e4 Nf6 2. e5 Nd5 3. d4 d6 4. Nf3 Nb6 5. Bd3 Nc6 6. exd6 exd6 7. O-O Bg4 8.
Re1+ Be7 9. c3 Qd7 10. Bf4 O-O-O 11. Qc2 Nd5 12. Bg3 g6 13. Nbd2 h5 14. h3 Be6
15. a3 Nf6 16. Ng5 Bd5 17. c4 Nxd4 18. Qc3 Nc6 19. Bh4 Be6 20. Nxe6 fxe6 21.
Bxf6 Rhf8 22. Bxe7 Qxe7 23. Be4 Qf7 24. f3 d5 25. cxd5 exd5 26. Bc2 d4 27. Qb3
Qf4 28. Ne4 Ne5 29. Nc5 b6 30. Ne6 Qg3 31. Nxf8 Rxf8 32. Qe6+ Nd7 33. Be4 Rf6
34. Qe8# 1-0

[Event "Vesterhavsturneringen 2004"]
[Site "Esbjerg"]
[Date "2004.07.08"]
[Round "7"]
[White "Hansen, Erik Hedegaard"]
[Black "Bernhardsson, Sten"]
[Result "0-1"]
[WhiteElo "1738"]
[BlackElo "2115"]
[PlyCount "54"]
[EventDate "2004.??.??"]
[EventType "swiss"]
[EventRounds "9"]
[EventCountry "DEN"]

1. d4 d5 2. c4 e6 3. Nc3 Nf6 4. e3 Be7 5. Nf3 O-O 6. Bd3 Nbd7 7. O-O dxc4 8.
Bxc4 c5 9. d5 Nb6 10. Be2 Nbxd5 11. Nxd5 exd5 12. Qc2 Qc7 13. b3 Bg4 14. Bb2
Rfd8 15. Rac1 b6 16. Rfd1 Qc8 17. Rd2 Bf5 18. Qd1 Qb7 19. Ne5 Ne4 20. Bb5 Rac8
21. Rdc2 c4 22. bxc4 dxc4 23. Qe2 Nd6 24. Bxc4 Bxc2 25. Ba6 Qe4 26. Bxc8 Rxc8
27. f3 Qa4 0-1

[Event "Vesterhavsturneringen 2004"]
[Site "Esbjerg"]
[Date "2004.07.08"]
[Round "7"]
[White "Hansen, Mads Kjaer"]
[Black "Pedersen, Lars Wisler"]
[Result "0-1"]
[WhiteElo "1331"]
[BlackElo "1704"]
[PlyCount "66"]
[EventDate "2004.??.??"]
[EventType "swiss"]
[EventRounds "9"]
[EventCountry "DEN"]

1. e4 c5 2. Bc4 e6 3. Nc3 Nc6 4. Nf3 Nge7 5. e5 Ng6 6. Qe2 a6 7. a3 Qc7 8. d3
Ngxe5 9. Nxe5 Qxe5 10. Qe3 Qxe3+ 11. fxe3 d5 12. Bb3 d4 13. exd4 Nxd4 14. Be3
Nxb3 15. cxb3 Bd6 16. O-O b6 17. Ne4 Bc7 18. Rac1 Be5 19. Rc2 O-O 20. Bf4 Bd4+
21. Kh1 e5 22. Bg3 f5 23. Nc3 Bb7 24. Ne2 f4 25. Be1 f3 26. Ng3 fxg2+ 27. Rxg2
Rxf1+ 28. Nxf1 Rf8 29. Nd2 Bxb2 30. a4 Bc3 31. Kg1 Bxg2 32. Kxg2 Bxd2 33. Bxd2
Rd8 0-1

[Event "Vesterhavsturneringen 2004"]
[Site "Esbjerg"]
[Date "2004.07.08"]
[Round "7"]
[White "Hansen, Max Erik"]
[Black "Madsen, Svend"]
[Result "0-1"]
[WhiteElo "1775"]
[BlackElo "1502"]
[PlyCount "84"]
[EventDate "2004.??.??"]
[EventType "swiss"]
[EventRounds "9"]
[EventCountry "DEN"]

1. d4 Nf6 2. Nc3 g6 3. e4 d6 4. Be2 Bg7 5. Be3 O-O 6. f4 e5 7. fxe5 dxe5 8. d5
c6 9. Bf3 cxd5 10. Nxd5 Nxd5 11. Qxd5 Nc6 12. O-O-O Be6 13. Qxd8 Rfxd8 14. a3
Rxd1+ 15. Bxd1 Rc8 16. Ne2 f5 17. exf5 gxf5 18. Nc3 Bc4 19. Be2 Bxe2 20. Nxe2
f4 21. Bd2 Rd8 22. Rf1 Nd4 23. Nxd4 Rxd4 24. Re1 Kf7 25. Rf1 Kg6 26. c3 Rd5 27.
Kc2 Kf5 28. g3 Bh6 29. gxf4 Bxf4 30. Bxf4 exf4 31. c4 Rd7 32. b4 Ke4 33. Re1+
Kf3 34. Re5 Kf2 35. Rd5 Re7 36. c5 f3 37. Kb3 Ke2 38. Rf5 f2 39. b5 f1=Q 40.
Rxf1 Kxf1 41. Kc4 Kg2 42. h4 Kg3 0-1

[Event "Vesterhavsturneringen 2004"]
[Site "Esbjerg"]
[Date "2004.07.08"]
[Round "7"]
[White "Henriksen, Rene"]
[Black "Hjorth, Henrik"]
[Result "1/2-1/2"]
[WhiteElo "1293"]
[BlackElo "1625"]
[PlyCount "63"]
[EventDate "2004.??.??"]
[EventType "swiss"]
[EventRounds "9"]
[EventCountry "DEN"]

1. e4 c5 2. Nf3 e6 3. d4 cxd4 4. Nxd4 a6 5. Nc3 Nc6 6. Be2 Nf6 7. Bg5 d6 8. O-O
Be7 9. f4 Qc7 10. Kh1 Bd7 11. f5 O-O-O 12. Bc4 Nxd4 13. Qxd4 b5 14. Bb3 h6 15.
Bh4 Qc5 16. Qd3 Rhe8 17. Bf2 Qc6 18. Bd4 Kb7 19. fxe6 fxe6 20. e5 dxe5 21. Bxe5
a5 22. a3 Rf8 23. Qg6 Ka8 24. Rad1 Bc8 25. Rxd8 Rxd8 26. Qxg7 Rg8 27. Bd5 exd5
28. Qxe7 Bh3 29. Qxf6 Bxg2+ 30. Kg1 Bh3+ 31. Kh1 Bg2+ 32. Kg1 1/2-1/2

[Event "Vesterhavsturneringen 2004"]
[Site "Esbjerg"]
[Date "2004.07.08"]
[Round "7"]
[White "Hoi, Carsten"]
[Black "Bonnelykke, Ole"]
[Result "1-0"]
[WhiteElo "2359"]
[BlackElo "2065"]
[PlyCount "53"]
[EventDate "2004.??.??"]
[EventType "swiss"]
[EventRounds "9"]
[EventCountry "DEN"]

1. d4 d5 2. c4 e6 3. Nc3 f5 4. Nf3 Nf6 5. g3 c6 6. Bg2 Bd6 7. O-O O-O 8. Bg5
Qe7 9. Ne5 Bd7 10. Qb3 Bc8 11. cxd5 exd5 12. e4 fxe4 13. Nxe4 Bxe5 14. dxe5
Qxe5 15. Nxf6+ gxf6 16. Bf4 Qe7 17. Rfe1 Qf7 18. Bd6 Re8 19. Rxe8+ Qxe8 20. Qc3
Qe6 21. Bc5 Na6 22. Re1 Qf5 23. Re8+ Kg7 24. Bf8+ Kf7 25. Qe1 Kg6 26. Re7 Qd3
27. Qc1 1-0

[Event "Vesterhavsturneringen 2004"]
[Site "Esbjerg"]
[Date "2004.07.08"]
[Round "7"]
[White "Hoiberg, Erling"]
[Black "Andersen, Rune"]
[Result "0-1"]
[WhiteElo "2135"]
[BlackElo "2045"]
[PlyCount "100"]
[EventDate "2004.??.??"]
[EventType "swiss"]
[EventRounds "9"]
[EventCountry "DEN"]

1. d4 d5 2. Bf4 Nd7 3. e3 Ngf6 4. h3 g6 5. Nd2 Bg7 6. Bd3 O-O 7. Ngf3 c5 8. c3
Nh5 9. Bh2 f5 10. g4 fxg4 11. hxg4 Nhf6 12. Ng5 Nb8 13. dxc5 h6 14. Ngf3 Bxg4
15. Bxg6 Ne4 16. Bxe4 dxe4 17. Qb3+ Kh8 18. Be5 h5 19. Bxg7+ Kxg7 20. Nd4 Qd7
21. Rg1 Kh8 22. Nxe4 e5 23. Ne2 Nc6 24. Nd6 Rab8 25. Rd1 Qe7 26. Rd2 e4 27. Nf4
Ne5 28. Rg3 Qh4 29. Rd5 Qh1+ 30. Kd2 Nf3+ 31. Rxf3 Qxf3 32. Kc2 Rxf4 33. exf4
Qxf2+ 34. Rd2 Qxf4 35. Qd5 e3 36. Rd4 Qf2+ 37. Kb3 Qf6 38. Re4 Bf3 39. Qe5 Qxe5
40. Rxe5 e2 41. Nf5 Rd8 42. Nd4 Rxd4 43. cxd4 h4 44. Re3 Kg7 45. Kc2 h3 46. Kd2
h2 47. Rxf3 h1=Q 48. Kxe2 Qg2+ 49. Rf2 Qe4+ 50. Kf1 Qxd4 0-1

[Event "Vesterhavsturneringen 2004"]
[Site "Esbjerg"]
[Date "2004.07.08"]
[Round "7"]
[White "Jacobsen, Jacob"]
[Black "Sig, Preben"]
[Result "0-1"]
[WhiteElo "1825"]
[BlackElo "1800"]
[PlyCount "98"]
[EventDate "2004.??.??"]
[EventType "swiss"]
[EventRounds "9"]
[EventCountry "DEN"]

1. e4 Nf6 2. Nc3 d6 3. Nf3 g6 4. Be2 Bg7 5. O-O c5 6. d3 O-O 7. Bd2 a6 8. Qc1
Nc6 9. Bh6 Nd4 10. Bxg7 Kxg7 11. b3 Qa5 12. Nxd4 cxd4 13. Nd1 Bd7 14. f4 Rac8
15. Nf2 Qc5 16. Bd1 a5 17. a4 Be6 18. Qd2 Rc7 19. g4 Qc3 20. Qxc3 Rxc3 21. h3
Bd7 22. Nh1 e5 23. Ng3 h5 24. f5 hxg4 25. hxg4 gxf5 26. gxf5 Rg8 27. Rf2 Kf8
28. Rg2 Ke7 29. Nf1 Rxg2+ 30. Kxg2 d5 31. Ng3 dxe4 32. dxe4 Bc6 33. Bf3 Rxc2+
34. Kg1 Rc3 35. Kg2 Rxb3 36. Rc1 Rb4 37. Rc5 Kd6 38. Rxa5 Rxa4 39. Rxa4 Bxa4
40. Kf2 Kc5 41. Ke2 b5 42. Kd2 b4 43. Be2 Bb5 44. Bd1 Bc4 45. Bc2 b3 46. Bb1
Kb4 47. Nh1 Ka3 48. Kc1 b2+ 49. Kd2 Ba2 0-1

[Event "Vesterhavsturneringen 2004"]
[Site "Esbjerg"]
[Date "2004.07.08"]
[Round "7"]
[White "Jakobsen, Christian Kjaergaar"]
[Black "Sondergaard, Thomas"]
[Result "1-0"]
[WhiteElo "2044"]
[BlackElo "1872"]
[PlyCount "39"]
[EventDate "2004.??.??"]
[EventType "swiss"]
[EventRounds "9"]
[EventCountry "DEN"]

1. e4 c5 2. c3 d5 3. exd5 Qxd5 4. d4 Nc6 5. Nf3 Bg4 6. Be2 cxd4 7. cxd4 e6 8.
Nc3 Qd6 9. O-O Nf6 10. Bg5 Be7 11. Qa4 Bh5 12. Rfd1 O-O 13. Bxf6 Bxf6 14. d5
Ne5 15. Ne4 Qe7 16. d6 Qd7 17. Qb3 Bxf3 18. gxf3 Nc6 19. Rac1 Nd4 20. Nxf6+ 1-0

[Event "Vesterhavsturneringen 2004"]
[Site "Esbjerg"]
[Date "2004.07.08"]
[Round "7"]
[White "Jensen, Henrik Tranberg"]
[Black "Dyrgaard, Kristoffer"]
[Result "0-1"]
[WhiteElo "2035"]
[BlackElo "1890"]
[PlyCount "80"]
[EventDate "2004.??.??"]
[EventType "swiss"]
[EventRounds "9"]
[EventCountry "DEN"]

1. d4 g6 2. c4 Bg7 3. Nc3 c5 4. d5 Bxc3+ 5. bxc3 f5 6. h4 d6 7. h5 Qa5 8. hxg6
hxg6 9. Rxh8 Qxc3+ 10. Qd2 Qxh8 11. Bb2 Nf6 12. Nh3 Qh4 13. Nf4 g5 14. Bxf6
exf6 15. Qe3+ Kd8 16. Ne6+ Bxe6 17. Qxe6 Qxc4 18. Qxf6+ Kc7 19. e3 Qb4+ 20. Kd1
Qa4+ 21. Kc1 Qa3+ 22. Kd2 Nd7 23. Qg7 Rg8 24. Qc3 Qxc3+ 25. Kxc3 Nf6 26. Bc4 a6
27. a4 Ne4+ 28. Kb2 b5 29. axb5 axb5 30. Bd3 Kb6 31. f3 Ng3 32. Kc3 Rh8 33. Rb1
b4+ 34. Kb3 Ra8 35. Kc2 Ra2+ 36. Rb2 Ra1 37. Rb1 Rxb1 38. Kxb1 c4 39. Bxc4 Kc5
40. Bb3 Nf1 0-1

[Event "Vesterhavsturneringen 2004"]
[Site "Esbjerg"]
[Date "2004.07.08"]
[Round "7"]
[White "Jensen, Jan"]
[Black "Johansen, Johnny Holler"]
[Result "0-1"]
[WhiteElo "1675"]
[BlackElo "1916"]
[PlyCount "48"]
[EventDate "2004.??.??"]
[EventType "swiss"]
[EventRounds "9"]
[EventCountry "DEN"]

1. d4 Nf6 2. c4 g6 3. Nc3 d5 4. Bf4 Bg7 5. Rc1 O-O 6. e3 c6 7. Nf3 Bg4 8. Bd3
Nbd7 9. O-O Nh5 10. cxd5 Nxf4 11. exf4 cxd5 12. Nxd5 e6 13. Nc3 Bxf3 14. Qxf3
Bxd4 15. Qxb7 Nc5 16. Qf3 Nxd3 17. Rcd1 Nxb2 18. Rd2 Nc4 19. Rd3 e5 20. f5 Qg5
21. Nd5 Rae8 22. f6 e4 23. Qg3 Qxd5 24. Qh3 exd3 0-1

[Event "Vesterhavsturneringen 2004"]
[Site "Esbjerg"]
[Date "2004.07.08"]
[Round "7"]
[White "Jensen, Jonbert"]
[Black "Jensen, Alexander Tranberg"]
[Result "1-0"]
[WhiteElo "1421"]
[BlackElo "1255"]
[PlyCount "77"]
[EventDate "2004.??.??"]
[EventType "swiss"]
[EventRounds "9"]
[EventCountry "DEN"]

1. Nf3 d6 2. Nc3 Nf6 3. d4 g6 4. e3 Bg7 5. b3 O-O 6. Bb2 Bd7 7. Bd3 c5 8. Qd2
Nc6 9. a4 cxd4 10. Nxd4 Nxd4 11. exd4 Rb8 12. f3 a6 13. O-O b5 14. axb5 Bxb5
15. Nxb5 axb5 16. Ra3 Nd5 17. Re1 Qb6 18. Ra5 Bxd4+ 19. Bxd4 Qxd4+ 20. Qf2
Qxf2+ 21. Kxf2 Nc3 22. Rxe7 b4 23. Rd7 Rfd8 24. Rc7 Rdc8 25. Rca7 Rd8 26. g4
Rbc8 27. Rb7 Rb8 28. Raa7 Rf8 29. Kg3 g5 30. h4 h6 31. hxg5 hxg5 32. f4 gxf4+
33. Kxf4 Rbe8 34. g5 Re5 35. Kg4 Ne4 36. Rxb4 Nf2+ 37. Kh5 Nxd3 38. cxd3 Re3
39. Rd4 1-0

[Event "Vesterhavsturneringen 2004"]
[Site "Esbjerg"]
[Date "2004.07.08"]
[Round "7"]
[White "Jensen, Leif"]
[Black "Bach, Matthias"]
[Result "0-1"]
[WhiteElo "2057"]
[BlackElo "2354"]
[PlyCount "102"]
[EventDate "2004.??.??"]
[EventType "swiss"]
[EventRounds "9"]
[EventCountry "DEN"]

1. e4 Nf6 2. Nc3 d6 3. f4 c6 4. Nf3 b5 5. d3 b4 6. Ne2 g6 7. g3 Bg7 8. Bg2 Qb6
9. h3 Nbd7 10. Qd2 Bb7 11. Qe3 Qxe3 12. Bxe3 O-O 13. Rb1 Nb6 14. g4 c5 15. g5
Nfd7 16. h4 c4 17. Bd4 cxd3 18. cxd3 e5 19. Be3 Ba6 20. Kd2 exf4 21. Nxf4 Na4
22. Bd4 Nac5 23. Bxg7 Kxg7 24. Rhc1 f6 25. gxf6+ Rxf6 26. Nd5 Rff8 27. Nxb4 Bb5
28. Rc3 Nb6 29. b3 Rf4 30. a4 a5 31. Nd5 Nxd5 32. exd5 Ba6 33. Re1 Ra7 34. Ke3
Rb4 35. Bh3 Re7+ 36. Be6 Nxe6 37. Kd2 Kf6 38. dxe6 Rxe6 39. Rxe6+ Kxe6 40. Ng5+
Kf5 41. Nxh7 Rxh4 42. Nf8 Rh2+ 43. Ke3 Rh3+ 44. Kd4 g5 45. Nd7 g4 46. Nb8 g3
47. Rc2 Rh2 48. Rc7 g2 49. Rg7 Bb7 50. Ke3 Rh1 51. Kf2 Rf1+ 0-1

[Event "Vesterhavsturneringen 2004"]
[Site "Esbjerg"]
[Date "2004.07.08"]
[Round "7"]
[White "Jensen, Thomas Astrup"]
[Black "Pontoppidan, Erik"]
[Result "1-0"]
[WhiteElo "1570"]
[BlackElo "1750"]
[PlyCount "78"]
[EventDate "2004.??.??"]
[EventType "swiss"]
[EventRounds "9"]
[EventCountry "DEN"]

1. e4 e5 2. Nf3 Nc6 3. Bb5 a6 4. Ba4 Nf6 5. O-O b5 6. Bb3 Be7 7. Re1 d6 8. c3
O-O 9. h3 Na5 10. Bc2 c5 11. d4 Qc7 12. Nbd2 Re8 13. d5 g6 14. b3 Bf8 15. Nf1
Bg7 16. Ng3 Bd7 17. Be3 Nb7 18. Qd2 a5 19. a4 bxa4 20. c4 axb3 21. Bxb3 a4 22.
Bc2 Reb8 23. Rec1 Nd8 24. Bh6 a3 25. Bxg7 Kxg7 26. Nh4 h6 27. f4 Rb2 28. fxe5
dxe5 29. Qc3 Qa5 30. Qxe5 Qd2 31. Rf1 Qd4+ 32. Qxd4 cxd4 33. Bd3 Rb3 34. Rf3 a2
35. e5 Nh7 36. Ne4 Bf5 37. Nxf5+ gxf5 38. Nc5 Rb2 39. Rf2 Rab8 1-0

[Event "Vesterhavsturneringen 2004"]
[Site "Esbjerg"]
[Date "2004.07.08"]
[Round "7"]
[White "Jessen, Ernst J"]
[Black "Nielsen, Patricia"]
[Result "1-0"]
[WhiteElo "1633"]
[BlackElo "1291"]
[PlyCount "64"]
[EventDate "2004.??.??"]
[EventType "swiss"]
[EventRounds "9"]
[EventCountry "DEN"]

1. e4 e5 2. Nf3 Nc6 3. Bb5 Bc5 4. O-O d6 5. d4 exd4 6. Nxd4 Bd7 7. Bxc6 Bxc6 8.
Nxc6 bxc6 9. Nc3 Qd7 10. Na4 Bb6 11. Nxb6 cxb6 12. Bf4 O-O-O 13. Qd3 Nf6 14. f3
h6 15. Rfd1 Ne8 16. Rd2 g5 17. Bg3 Qb7 18. Rad1 h5 19. Qc3 Rh6 20. Qe3 Rg6 21.
h4 Qe7 22. hxg5 Qxg5 23. Qxg5 Rxg5 24. Bh4 Ra5 25. Bxd8 Kxd8 26. a3 h4 27. Kh2
f5 28. exf5 Rxf5 29. Rd4 Rh5 30. Kh3 Rc5 31. R1d2 d5 32. c4 Ng7 1-0

[Event "Vesterhavsturneringen 2004"]
[Site "Esbjerg"]
[Date "2004.07.08"]
[Round "7"]
[White "Kjaergaard Jensen, Jesper"]
[Black "Hansen, John Nyholm"]
[Result "1-0"]
[WhiteElo "2124"]
[BlackElo "2021"]
[PlyCount "135"]
[EventDate "2004.??.??"]
[EventType "swiss"]
[EventRounds "9"]
[EventCountry "DEN"]

1. d4 Nf6 2. Nf3 e6 3. c3 b6 4. Bg5 Bb7 5. Nbd2 Be7 6. e3 c5 7. Bd3 h6 8. Bxf6
Bxf6 9. dxc5 bxc5 10. Ne4 Be7 11. Bc2 Qc7 12. Ng3 Nc6 13. Nh5 g6 14. Nf4 Ne5
15. Nxe5 Qxe5 16. Ba4 Rd8 17. Kf1 Bg5 18. Nd3 Qd5 19. Ne1 Qxd1 20. Rxd1 Ke7 21.
h4 Bf6 22. f3 d5 23. Nd3 Ba6 24. Ke2 Rb8 25. Rb1 Rb6 26. Kd2 Bxd3 27. Kxd3 Rhb8
28. b3 Kd6 29. h5 g5 30. Rhd1 Ke7 31. Rbc1 R8b7 32. c4 d4 33. e4 Be5 34. Rc2
Bf4 35. Rb1 Kf6 36. Rcb2 a5 37. a3 Bd6 38. Bb5 e5 39. Rc1 Rc7 40. Ke2 Ke7 41.
Kf2 Ke6 42. Kg3 Ke7 43. Kg4 Ke6 44. g3 Rb8 45. Rf1 Rg8 46. Re2 Rcc8 47. Kh3 f6
48. Ba6 Rc7 49. Rc2 Ra7 50. Bb5 Rc7 51. b4 axb4 52. axb4 Ra8 53. bxc5 Rxc5 54.
Kg4 Rc7 55. Rb1 Rc5 56. Rbb2 Rc7 57. Ra2 Rxa2 58. Rxa2 Ke7 59. Kf5 Bc5 60. Kg6
Ra7 61. Rxa7+ Bxa7 62. Kxh6 Kf7 63. c5 Kg8 64. c6 Bb8 65. Kg6 Kh8 66. g4 Bd6
67. Kxf6 Kh7 68. Kxg5 1-0

[Event "Vesterhavsturneringen 2004"]
[Site "Esbjerg"]
[Date "2004.07.08"]
[Round "7"]
[White "Klitaa, Ib"]
[Black "Jensen, Torben Richard"]
[Result "0-1"]
[WhiteElo "1633"]
[BlackElo "1898"]
[PlyCount "128"]
[EventDate "2004.??.??"]
[EventType "swiss"]
[EventRounds "9"]
[EventCountry "DEN"]

1. e4 c5 2. Bc4 Nc6 3. c3 e6 4. Nf3 d5 5. exd5 exd5 6. Be2 d4 7. d3 Nf6 8. Bg5
Be7 9. O-O O-O 10. Nbd2 dxc3 11. bxc3 Nd5 12. Bxe7 Qxe7 13. Rc1 Bf5 14. Re1 Nf4
15. Bf1 Qd8 16. Ne4 Ne6 17. Qd2 h6 18. h3 Bh7 19. Qe3 b6 20. Rcd1 Re8 21. Qc1
f5 22. Ned2 Qf6 23. Nc4 Nc7 24. a4 Kh8 25. Rxe8+ Rxe8 26. d4 cxd4 27. cxd4 Nd5
28. Nce5 Nce7 29. Bb5 Rc8 30. Qd2 Nc3 31. Rc1 Nxb5 32. Rxc8+ Nxc8 33. axb5 Bg8
34. Qb4 Kh7 35. Qc3 Nd6 36. Qc6 Qe7 37. h4 Be6 38. h5 Bf7 39. Ng6 Bxg6 40.
hxg6+ Kxg6 41. Ne5+ Kh7 42. f3 h5 43. g3 g5 44. Kg2 h4 45. g4 fxg4 46. Qc2+ Kg7
47. Qg6+ Kf8 48. Qh6+ Ke8 49. Qh8+ Qf8 50. Qh5+ Nf7 51. Qg6 gxf3+ 52. Kf2 Ke7
53. Nc6+ Kd7 54. Nxa7 Nd6 55. Qh7+ Qe7 56. Qxe7+ Kxe7 57. Kxf3 Ke6 58. Nc6 Nxb5
59. Ke3 Nd6 60. Ne5 b5 61. Nf3 g4 62. Nxh4 Nf5+ 63. Nxf5 Kxf5 64. d5 Ke5 0-1

[Event "Vesterhavsturneringen 2004"]
[Site "Esbjerg"]
[Date "2004.07.08"]
[Round "7"]
[White "Krabbe, Daniel"]
[Black "Munksgaard, Dennis"]
[Result "1/2-1/2"]
[WhiteElo "2044"]
[BlackElo "1846"]
[PlyCount "40"]
[EventDate "2004.??.??"]
[EventType "swiss"]
[EventRounds "9"]
[EventCountry "DEN"]

1. d4 d5 2. c4 e6 3. Nf3 Nf6 4. Nc3 dxc4 5. Bg5 c5 6. e4 cxd4 7. Nxd4 Nc6 8.
Ndb5 Qa5 9. Bxf6 gxf6 10. Bxc4 a6 11. Nd6+ Bxd6 12. Qxd6 Qb4 13. Qxb4 Nxb4 14.
Ke2 Rg8 15. g3 b5 16. Bb3 Bb7 17. f3 Ke7 18. Rhd1 Rad8 19. Ke3 Nc6 20. a3 Ne5
1/2-1/2

[Event "Vesterhavsturneringen 2004"]
[Site "Esbjerg"]
[Date "2004.07.08"]
[Round "7"]
[White "Kragh, Niels Kristian"]
[Black "Jakobsen, Martin Skov"]
[Result "1/2-1/2"]
[WhiteElo "1981"]
[BlackElo "2139"]
[PlyCount "56"]
[EventDate "2004.??.??"]
[EventType "swiss"]
[EventRounds "9"]
[EventCountry "DEN"]

1. e4 c5 2. Nf3 d6 3. d4 cxd4 4. Nxd4 Nf6 5. Nc3 a6 6. f4 Qc7 7. a4 b6 8. Nf3
e6 9. Bd3 Be7 10. O-O Bb7 11. Kh1 Nc6 12. Qe1 Nd7 13. Qg3 Bf6 14. Bd2 h5 15.
Ng5 Nb4 16. f5 e5 17. Rad1 h4 18. Qf3 Bxg5 19. Bxg5 Nf6 20. Qe2 h3 21. g3 Rd8
22. Bxf6 gxf6 23. Kg1 Ke7 24. Rd2 Qc5+ 25. Qf2 Qc6 26. Be2 Rd7 27. Rfd1 Qc7 28.
Qf1 Qc5+ 1/2-1/2